000 00726nam a22002417a 4500
005 20130416161609.0
008 130416b xxu||||| |||| 00| 0 eng d
010 _aENG-106878
020 _a9780230331907
_c199.00
020 _a0230331904
_c199.00
035 _aEN-90411
037 _bDBAD/PUB
040 _aDPL
_bEng
082 _a158.1
100 _aRamachandran, K.K.
245 _aFrom campus to corporate /
_cby K.K. Ramachandran [and] K.K. Karthick
250 _arev. ed
260 _aGurgaon
_bMacmillan Publishers
_c2011
270 _a3A, 5th Floor, DLF Corporate Park
_bGurgaon
_e122002
300 _a121p. :
_c23cm(pbk)
_bill.
700 _aKarthick, K.K.
942 _2ddc
_cEN
_h158.1
_mRAM
999 _c74615
_d74615